Discursos de oprimidas: análisis crítico de los discursos de empleadas domésticas peruanas en Lima /

Este estudio se realizó en la capital de Perú, Lima. Se efectuaron 32 entrevistas con trabajadoras del hogar peruanas migrantes de otras regiones del país en el año 2005. Su experiencia migratoria fue analizada tomando en cuenta su precaria situación social y profesional actual como problema social...

Olles dieđut

Furkejuvvon:
Bibliográfalaš dieđut
Váldodahkki: Mick, Carola
Materiálatiipa: Texto
Fáttát:
Fáddágilkorat: Lasit fáddágilkoriid
Eai fáddágilkorat, Lasit vuosttaš fáddágilkora!

MARC

LEADER 00000 a a2200000 04500
001 40821
003
040
100 |a Mick, Carola  
245 |a Discursos de oprimidas:   |b análisis crítico de los discursos de empleadas domésticas peruanas en Lima /  |c Carola Mick  
500 |a carola.mick@uni.lu  
520 4 |a Este estudio se realizó en la capital de Perú, Lima. Se efectuaron 32 entrevistas con trabajadoras del hogar peruanas migrantes de otras regiones del país en el año 2005. Su experiencia migratoria fue analizada tomando en cuenta su precaria situación social y profesional actual como problema social con aspectos semióticos desde una perspectiva crítica. Combinando métodos del análisis de la conversación y del discurso, con enfoque en procesos conversacionales de categorización social, se investiga cómo las trabajadoras construyen a la vez su identidad y realidad social, haciendo referencia a estructuras ideológicas básicas y escogiendo estrategias discursivas individuales frente a ellas.  
590 |a RRA/FEBRERO2012  
650 |a TRABAJADORAS  
650 |a TRABAJO DOMESTICO  
650 |a MUJERES  
650 |a CONDICIONES DE TRABAJO  
650 |a IDEOLOGIAS  
650 |a IDENTIDAD  
650 |a DISCURSOS  
773 |g volumen16, número63 (2010), páginas 187-218  
999 |c 39212  |d 39212